Manual de Patología Interna / (Record no. 97091)

MARC details
000 -LEADER
campo de control de longitud fija 01333nam a2200265 i 4500
001 - NÚMERO DE CONTROL
campo de control 97091
003 - IDENTIFICADOR DE NÚMERO DE CONTROL
campo de control ES-MaACL
005 - FECHA Y HORA DE LA ÚLTIMA TRANSACCIÓN
campo de control 20251001141905.0
007 - CAMPO FIJO DE DESCRIPCIÓN FÍSICA--INFORMACIÓN GENERAL
campo de control de longitud fija t|
008 - DATOS DE LONGITUD FIJA--INFORMACIÓN GENERAL
campo de control de longitud fija 050706m19151919sp ||||1| spa d
245 00 - MENCIÓN DEL TÍTULO
Título Manual de Patología Interna /
Mención de responsabilidad, etc. Balthazard, Cestan, H. Claude...
250 ## - MENCION DE EDICION
Mención de edición 2ª ed.
260 ## - PUBLICACIÓN, DISTRIBUCIÓN, ETC.
Lugar de publicación, distribución, etc. Valencia :
Nombre del editor, distribuidor, etc. Pubul y Morales,
Fecha de publicación, distribución, etc. 1915-1919.
300 ## - DESCRIPCIÓN FÍSICA
Extensión 4 v. :
Otras características físicas il. ;
Dimensiones 22 cm.
505 8# - NOTA DE CONTENIDO CON FORMATO
Nota de contenido con formato Contiene: Tomo I-- Enfermedades infecciosas: Nicolás.-- Intoxicaciones: Balthazard. Traducido Antonio González Prats. VIII, 700 p., 2 h. Tomo II-- Nutrición, sangre: Balthazard.-- Corazón, pulmones: Macaigne. Traducido por Martín Vallejo Lobón. 650 p., 3 h. Tomo III-- Tubo digestivo, peritoneo, páncreas: Balthazard.-- Hígado, riñones, cápsulas suprarrenales: Claude. Traducido por Arturo Cubells Blasco. 776 p., 4 h. Tomo IV-- Sistema nervioso: Cestan, Verger. Traducido por Rafael Pastor Reig. 728 p., 1 h.
650 04 - PUNTO DE ACCESO ADICIONAL DE MATERIA--TÉRMINO DE MATERIA
Término de materia o nombre geográfico como elemento de entrada Patología.
9 (RLIN) 15884
700 1# - ENTRADA AGREGADA--NOMBRE PERSONAL
Nombre de persona González Prats, Antonio,
Fechas asociadas al nombre 1863-1920
9 (RLIN) 58882
700 1# - ENTRADA AGREGADA--NOMBRE PERSONAL
Nombre de persona Vallejo Lobón, Martín,
Fechas asociadas al nombre 1861-1919
9 (RLIN) 112853
700 1# - ENTRADA AGREGADA--NOMBRE PERSONAL
Nombre de persona Claude, H.
9 (RLIN) 39078
700 1# - ENTRADA AGREGADA--NOMBRE PERSONAL
Nombre de persona Cubells Blasco, Arturo.
9 (RLIN) 41926
700 1# - ENTRADA AGREGADA--NOMBRE PERSONAL
Nombre de persona Pastor Reig, Rafael.
9 (RLIN) 89522
700 1# - ENTRADA AGREGADA--NOMBRE PERSONAL
Nombre de persona Balthazard, Victor.
9 (RLIN) 25130
852 ## - LOCALIZACIÓN
Ubicación ES-MaACL
Número de control de estantería B-11257-60
Holdings
Estatus retirado Estado de pérdida Estado de daño No para préstamo Biblioteca de origen Biblioteca actual Ubicación en estantería Fecha de adquisición Fuente de adquisición Total de préstamos Signatura topográfica completa Código de barras Visto por última vez Precio de reemplazo Tipo de ítem Koha
        Biblioteca del Ateneo de Madrid Biblioteca del Ateneo de Madrid Sala Pardo Bazán 17/01/2008     B-11257-60 1101364 23/02/2023 23/02/2023 Libro impreso